Normal view
MARC view
Entry Meeting Name
001 - CONTROL NUMBER
- control field: 262468
003 - CONTROL NUMBER IDENTIFIER
- control field: MY-SjTCS
005 - DATE AND TIME OF LATEST TRANSACTION
- control field: 20200306165238.0
008 - FIXED-LENGTH DATA ELEMENTS
- fixed length control field: 200306|| aca||aabn | a|a d
040 ## - CATALOGING SOURCE
- Original cataloging agency: MY-SjTCS
- Transcribing agency: MY-SjTCS
111 ## - HEADING--MEETING NAME
- Meeting name or jurisdiction name as entry element: Integers Conference 2007
- Date of meeting or treaty signing: (2007 :
- Location of meeting: Carrollton, Ga.)
670 ## - SOURCE DATA FOUND
- Source citation: Work cat.: (MY-SjTCS)53937: Integers Conference 2007 (2007 : Carrollton, Ga.), Combinatorial number theory revisited, c2009.